000 00408nam a22001457a 4500
003 macl
005 20241018135718.0
008 241018b |||||||| |||| 00| 0 eng d
040 _cmacl
082 _a320
100 _aArihant Publication
_936291
245 _aPulse IAS Mains Handwritten Notes [Indian Polity $ Governance (GS-2) ]
260 _aNew Dehli
_bArihant Publication
_c2024
942 _2ddc
_cC. BOOKS
999 _c67030
_d67030